| 000 | 00600nam a2200193Ia 4500 | ||
|---|---|---|---|
| 005 | 20250508163302.0 | ||
| 008 | 008 250505s9999 xx 000 0 eng d | ||
| 037 | _aTextual | ||
| 040 |
_aFEDL _beng _cFEDL |
||
| 041 |
_aeng _2eng |
||
| 084 |
_a363.7, UNE _qFEDL |
||
| 245 | 0 | _aReprot | |
| 245 | 0 | _cUNRSCO-UNEP International Environmental Education Programme | |
| 260 |
_aNew Delhi, India _bNational Institute of Educational Planning and Administration |
||
| 300 | _a116p. | ||
| 650 |
_aEnvironmental Education _9766882 |
||
| 942 |
_cTEXL _h363.7, UNE |
||
| 999 |
_c1382039 _d1382039 |
||